000 00179 a2200097 4500
020 _a0922852294
041 _aspa
100 _aSanchez, Ricardo
245 _aAnimales
942 _cBK
999 _c27997
_d27997